LEADER 01392nam a2200313 u 4500 001 000000040374 003 CaOOAMICUS 005 20070226114108.0 008 980526s1977 fr u000 u fre u 020 $a2233000439 035 $a10796390 040 $aPUL(R)$bita 100 1 $aZoller, Elisabeth.$0(OLS)http://pul/name/29823 245 13$aLa bonne foi en droit international public /$cElisabeth Zoller ; préface de Mme Suzanne Bastid .. 260 $aParis :$bA. Pedone,$c1977. 300 $axxvi, 392 p. ;$c24 cm 490 1 $aPublication de la Revue général de droit international public.$aNouvelle série ;$v28 500 $aContiene indici. 504 $aBibliografia in nota. 650 4$aDiritto internazionale.$0(OLS)http://pul/subject/2505 700 1 $aBastid, Suzanne.$0(OLS)http://pul/name/28338 830 0$aPublication de la Revue général de droit international public.$pNouvelle série ;$v28.$0(OLS)http://pul/title/6329 850 $aPUL 852 $aPUL$W1$xSL Diritto e Scienze Sociali 1$y4$m179 F 22$j54889$nBK-PRI$b $qStampati$B54889$CPULBib$Z2$F54889 $H $81 941 1 $a8 961 $aINV: 47287 996 $6020$a2233000439$9(OLS)http://pul/number/50136 996 $6245$aLa bonne foi en droit international public$9(OLS)http://pul/title/54505 996 $6260$aParis :$bA. Pedone$9(OLS)http://pul/publisher/50402 LEADER 01297nam a2200301 u 4500 001 000000045685 003 CaOOAMICUS 005 20070226114705.0 008 990614s1999 fr u000 u fre u 020 $a2711613917 035 $a10826567 040 $aBAV$bita$dPUL(R)$dEFR 100 1 $aTrottmann, Christian.$0(OLS)http://pul/name/19895 245 10$aThéologie et noétique au XIIIe siècle :$bà la recherche d'un statut /$cpar Christian Trottmann. 260 $aParis :$bJ. Vrin,$c1999. 300 $a224 p. ;$c24 cm 490 1 $aEtudes de philosophie médiévale ;$v78 500 $aIndex: p. 219-222. 504 $a"Bibliographie": p. 207-218. 650 4$aTeologia$xCritica e interpretazione.$0(OLS)http://pul/subject/8641 830 0$aEtudes de philosophie médiévale ;$v78.$0(OLS)http://pul/title/1367 850 $aPUL 852 $aPUL$W1$xSL Filosofia 2$y80$mPhil A4 78$j61345$nBK-PRI$b $qStampati altre collocazioni$B61345$CPULBib$Z2$F61345 $H $81 941 1 $a10 961 $aINV: 80096 996 $6020$a2711613917$9(OLS)http://pul/number/56966 996 $6245$aThéologie et noétique au XIIIe siècle :$bà la recherche d'un statut$9(OLS)http://pul/title/61609 996 $6260$aParis :$bJ. Vrin$9(OLS)http://pul/publisher/48393